Tiername von Deutsch nach Englisch - Statistiken

Allgemein
  • Dieses Quiz wurde 559 mal gespielt
  • Das Durchschnittsergebnis liegt bei 7 aus 20
Antwortstatistiken
Deutsch Englisch % Korrekt
Spinne Spider
99%
Hund Dog
96%
Eichhörnchen Squirrel
85%
Adler Eagle
77%
Meerschweinchen Guinea pig
54%
Büffel Buffalo
38%
Marienkäfer Ladybug
38%
Elch Moose
35%
Mücke Mosquito
34%
Qualle Jellyfish
32%
Hummel Bumblebee
28%
Schimpanse Chimpanzee
17%
Steinbock Capricorn
13%
Amsel Blackbird
10%
Wildschwein Wild boar
9%
Widder Aries
8%
Forelle Trout
8%
Antilope Antelope
5%
Muräne Moray eel
1%
Hirschkäfer Stag beetle
1%
Keine übereinstimmenden Quizze gefunden
Verteilung der Resultate
Anzahl Personen mit jedem Resultat
Perzentil nach korrekt beantworteten Fragen
Ihre Resultats-Entwicklung
Sie haben dieses Quiz noch nicht gespielt